Zátišie

Reprodukcia obrazu, pravdepodobne vystavovaného na výstave Sdruženia slovenských umelcov vo Východoslovenskom múzeu v Košiciach 28.10.-10.11.1935

Bibliographic Details
Main Author: Djuračka, Anton, 1904-1971 (Author)
Format: Article
Language:Slovak
Subjects:

MARC

LEADER 00000nab a22000001a 4500
001 vtls008998476
003 SK-MaSNL
005 20260303065849.0
008 070613d19351023xo |r|p|||| |000 b|slo
015 |a SNBRRBVU1918-1938 
038 |a SNKBUCL 
038 |a SNKBUVU 
040 |a SNKBUVU  |b slo  |c SNKBUCL  |e AACR2 
041 0 |a slo 
044 |a xo  |c SK 
080 |a 75.051:75.021.32  |2 1997 
080 |a 75.049.6  |2 2001 
080 |a 75.021.32  |2 1997 
100 1 |a Djuračka, Anton,  |d 1904-1971   |4 aut  |9 38723 
245 1 0 |a Zátišie  |c Anton Djuračka 
520 |a Reprodukcia obrazu, pravdepodobne vystavovaného na výstave Sdruženia slovenských umelcov vo Východoslovenskom múzeu v Košiciach 28.10.-10.11.1935 
650 0 7 |a slovenské maliarstvo  |2 MM  |9 3124 
650 0 7 |a zátišie  |2 snkbucl  |9 56969 
650 0 7 |a maľby  |2 MM  |9 313520 
655 7 |a reprodukcie výtvarných diel  |2 MM  |9 310790 
773 0 |t Nový svet  |g Roč. 10, č. 42 (23.10.1935), s. 13 
852 |a SNK  |b KIS3GCP 
910 |a snkrbvumm 
958 |a VY 
999 |c 1753023  |d 1754953